Mona in the promised land (Record no. 32753)

MARC details
000 -LEADER
fixed length control field 00514nam a2200181Ia 4500
020 ## - INTERNATIONAL STANDARD BOOK NUMBER
ISBN 9780679776505
050 ## - CALL MARK
Classification number PS 3560.E474 .J46/
100 ## - STATEMENT OF RESPONSIBILITY--MAIN AUTHOR NAME
Personal name Jen, Gish.
245 #0 - TITLE STATEMENT
Title Mona in the promised land
260 ## - PUBLICATION, DISTRIBUTION, ETC. (IMPRINT)
Place of publication New York
260 ## - PUBLICATION, DISTRIBUTION, ETC. (IMPRINT)
Name of publisher Knopf
260 ## - PUBLICATION, DISTRIBUTION, ETC. (IMPRINT)
Year of publication 1996
300 ## - PHYSICAL DESCRIPTION
Number of Pages 303 p
650 ## - SUBJECT ADDED ENTRY--TOPICAL TERM
Topical Term Chinese American families--Fiction. Chinese Americans--Fiction. Girls--Fiction. Westchester County (N.Y.)--Fiction.
942 ## - ADDED ENTRY ELEMENTS (KOHA)
Koha item type Books
Holdings
Withdrawn status Lost status Source of classification or shelving scheme Damaged status Not for loan Permanent Location Current Location Date acquired Accession Number Price effective from Koha item type
    Library of Congress Classification     NILE UNIVERSITY OF NIGERIA - MAIN LIBRARY NILE UNIVERSITY OF NIGERIA - MAIN LIBRARY 04/23/2025 0195263 04/23/2025 Books